000
00218 a2200097 4500
001
30126
100
_a
Milne, W
245
_a
A 1st course in the calculus
260
_a
London
_b
G Bell & Cons
_c
090
_c
20077
_d
20077
942
_a
NUST-CAE
_c
M
_c
11200
999
_c
265199
_d
265199